Loading...
| Mythology | 0 | 2 | 0 | 1 | 20 | 107 | 115.50 | 0 | 2 | 0.00 | 0.00 |
| Philosophy | 0 | 2 | 1 | 0 | 15 | 103 | 114.50 | 0 | 1 | 0.00 | 0.00 |
| Religion | 0 | 1 | 0 | 0 | 10 | 101 | 101.00 | 0 | 1 | 0.00 | 0.00 |
| Other Academic | 0 | 1 | 0 | 1 | 10 | 132 | 132.00 | 0 | 1 | 0.00 | 0.00 |
| Fine Arts - Visual | 0 | 1 | 0 | 0 | 10 | 82 | 82.00 | 1 | 1 | 0.00 | 0.00 |
| Literature - British | 0 | 1 | 0 | 1 | 10 | 136 | 136.00 | 0 | 1 | 0.00 | 0.00 |
| History - American | 0 | 1 | 0 | 1 | 10 | 138 | 138.00 | 0 | 0 | 0.00 | 0.00 |
| History - European | 0 | 1 | 0 | 1 | 10 | 139 | 139.00 | 0 | 1 | 0.00 | 0.00 |
| History - Other | 0 | 1 | 0 | 0 | 10 | 96 | 96.00 | 0 | 0 | 0.00 | 0.00 |
| Science - Other | 0 | 2 | 2 | 0 | 10 | 94 | 102.00 | 0 | 2 | 0.00 | 0.00 |
| Science - Biology | 0 | 1 | 1 | 1 | 5 | 118 | 118.00 | 0 | 1 | 0.00 | 0.00 |
| Social Science | 0 | 1 | 2 | 0 | 0 | 106 | 106.00 | 0 | 0 | 0.00 | 0.00 |
| Fine Arts - Other | 0 | 1 | 2 | 0 | 0 | 120 | 120.00 | 0 | 1 | 0.00 | 0.00 |
| Literature - American | 0 | 0 | 0 | 0 | 0 | 0.00 | 0 | 0 | 0.00 | 0.00 | |
| Literature - European | 0 | 0 | 0 | 0 | 0 | 0.00 | 0 | 0 | 0.00 | 0.00 | |
| Literature - World | 0 | 0 | 0 | 0 | 0 | 0.00 | 0 | 0 | 0.00 | 0.00 | |
| Science - Physics | 0 | 1 | 2 | 0 | 0 | 82 | 82.00 | 0 | 0 | 0.00 | 0.00 |
| Fine Arts - Auditory | 0 | 0 | 0 | 0 | 0 | 0.00 | 0 | 0 | 0.00 | 0.00 | |
| Science - Chemistry | 0 | 0 | 1 | 0 | -5 | 0.00 | 0 | 0 | 0.00 | 0.00 | |
| Popular Culture | 0 | 0 | 1 | 0 | -5 | 0.00 | 0 | 0 | 0.00 | 0.00 |